| 000 -LEADER |
| fixed length control field |
00590nam a2200229Ia 4500 |
| 001 - CONTROL NUMBER |
| control field |
1068 |
| 003 - CONTROL NUMBER IDENTIFIER |
| control field |
GE_BSU |
| 008 - FIXED-LENGTH DATA ELEMENTS--GENERAL INFORMATION |
| fixed length control field |
181216s||||||||xx |||||||||||||| ||und|| |
| 040 ## - CATALOGING SOURCE |
| Transcribing agency |
GE_BSU |
| 080 ## - UNIVERSAL DECIMAL CLASSIFICATION NUMBER |
| Universal Decimal Classification number |
575(075.8) |
| 100 ## - MAIN ENTRY--PERSONAL NAME |
| Personal name |
Стент,Г.;Келиндер,Р. |
| 245 ## - TITLE STATEMENT |
| Title |
Молекулярная генетика. |
| 245 ## - TITLE STATEMENT |
| Remainder of title |
Пер. с англ. |
| 245 ## - TITLE STATEMENT |
| Statement of responsibility, etc. |
Под ред.Алиханяна |
| 260 ## - PUBLICATION, DISTRIBUTION, ETC. |
| Place of publication, distribution, etc. |
Москва |
| 260 ## - PUBLICATION, DISTRIBUTION, ETC. |
| Name of publisher, distributor, etc. |
Мир |
| 260 ## - PUBLICATION, DISTRIBUTION, ETC. |
| Date of publication, distribution, etc. |
1981 |
| 300 ## - PHYSICAL DESCRIPTION |
| Extent |
646стр. |
| 653 ## - INDEX TERM--UNCONTROLLED |
| Uncontrolled term |
Молекулярная генетика |
| 942 ## - ADDED ENTRY ELEMENTS (KOHA) |
| Koha item type |
წიგნი |